MARC details
| 000 -LEADER |
| fixed length control field |
04027cam a2200469Ia 4500 |
| 003 - CONTROL NUMBER IDENTIFIER |
| control field |
TR-AnTOB |
| 005 - DATE AND TIME OF LATEST TRANSACTION |
| control field |
20231009114145.0 |
| 006 - FIXED-LENGTH DATA ELEMENTS--ADDITIONAL MATERIAL CHARACTERISTICS |
| fixed length control field |
m o d |
| 007 - PHYSICAL DESCRIPTION FIXED FIELD--GENERAL INFORMATION |
| fixed length control field |
cr cnu---aauau |
| 008 - FIXED-LENGTH DATA ELEMENTS--GENERAL INFORMATION |
| fixed length control field |
071221t20072001mau o 001 0 eng d |
| 020 ## - INTERNATIONAL STANDARD BOOK NUMBER |
| International Standard Book Number |
9780470998571 |
|
| International Standard Book Number |
0470998571 |
| 024 7# - OTHER STANDARD IDENTIFIER |
| Standard number or code |
10.1002/9780470998571 |
| Source of number or code |
doi |
| 035 ## - SYSTEM CONTROL NUMBER |
| System control number |
(OCoLC)184984017 |
| 037 ## - SOURCE OF ACQUISITION |
| Stock number |
10.1002/9780470998571 |
| Source of stock number/acquisition |
Wiley InterScience |
| Note |
http://www3.interscience.wiley.com |
| 040 ## - CATALOGING SOURCE |
| Original cataloging agency |
DG1 |
| Language of cataloging |
eng |
| Description conventions |
rda |
| Transcribing agency |
DG1 |
| Modifying agency |
YDXCP |
| -- |
DG1 |
| -- |
OCLCQ |
| -- |
OCLCF |
| -- |
OCLCO |
| -- |
OCLCA |
| -- |
OCLCQ |
| -- |
DG1 |
| -- |
TR-AnTOB |
| 041 0# - LANGUAGE CODE |
| Language code of text/sound track or separate title |
İngilizce |
| 050 #4 - LIBRARY OF CONGRESS CALL NUMBER |
| Classification number |
BL60 |
| Item number |
.B53 2007EBK |
| 090 ## - LOCALLY ASSIGNED LC-TYPE CALL NUMBER (OCLC); LOCAL CALL NUMBER (RLIN) |
| Classification number (OCLC) (R) ; Classification number, CALL (RLIN) (NR) |
BL60 |
| Local cutter number (OCLC) ; Book number/undivided call number, CALL (RLIN) |
.B53 2007EBK |
| 245 04 - TITLE STATEMENT |
| Title |
The Blackwell companion to sociology of religion / |
| Statement of responsibility, etc. |
editör; Richard K. Fenn. |
| 264 #1 - PRODUCTION, PUBLICATION, DISTRIBUTION, MANUFACTURE, AND COPYRIGHT NOTICE |
| Place of production, publication, distribution, manufacture |
Malden, Mass. : |
| Name of producer, publisher, distributor, manufacturer |
Blackwell, |
| Date of production, publication, distribution, manufacture, or copyright notice |
2007. |
|
| Date of production, publication, distribution, manufacture, or copyright notice |
©2001 |
| 300 ## - PHYSICAL DESCRIPTION |
| Extent |
1 online resource. |
| 336 ## - CONTENT TYPE |
| Content type term |
text |
| Content type code |
txt |
| Source |
rdacontent |
| 337 ## - MEDIA TYPE |
| Media type term |
computer |
| Media type code |
c |
| Source |
rdamedia |
| 338 ## - CARRIER TYPE |
| Carrier type term |
online resource |
| Carrier type code |
cr |
| Source |
rdacarrier |
| 490 0# - SERIES STATEMENT |
| Series statement |
Blackwell companions to religion ; |
| Volume/sequential designation |
2 |
| 504 ## - BIBLIOGRAPHY, ETC. NOTE |
| Bibliography, etc. note |
Includes bibliographical references and index. |
| 505 0# - FORMATTED CONTENTS NOTE |
| Formatted contents note |
Personal reflections in the mirror of Halʹevy and Weber / David Martin -- Salvation, secularization, and de-moralization / Bryan Wilson -- The Pentecostal gender paradox: a cautionary tale for the sociology of religion / Bernice Martin -- Feminism and the sociology of religion: from gender-blindness to gendered difference / Linda Woodhead -- Melancholia, utopia, and the psychoanalysis of dreams / Donald Capps -- Georg Simmel: American sociology chooses the stone the builders refused / Victoria Lee Erickson -- Transformations of society and the sacred in Durkheim's religious sociology / Donald A. Nielsen -- Classics in the sociology of religion: an ambiguous legacy / Roger O'Toole -- Individualism, the validation of faith, and the social nature of religion in modernity / Danièle Hervieu-Lʹeger -- The origins of religion / Richard K. Fenn -- Secularization extended: from religious "myth" to cultural commonplace / Nicholas J. Demerath III -- Social movements as free-floating religious phenomena / James A. Beckford -- The social process of secularization / Steve Bruce -- Patterns of religion in Western Europe: an exceptional case / Grace Davie -- The future of religious participation and belief in Britain and beyond / Robin Gill -- Religion as diffusion of values. "Diffused Religion" in the context of a dominant religious institution: the Italian case / Roberto Cipriani -- Spirituality and spiritual practice / Robert Wuthnow -- The Renaissance of community economic development among African-American churches in the 1990s / Katherine Day -- Hell as a residual category: possibilities excluded from the social system / Richard K. Fenn and Marianne Delaporte. |
|
| Formatted contents note |
Acting ritually: evidence from the social life of Chinese rites / Catherine Bell -- Moralizing sermons, then and now / Thomas Luckmann -- Health, morality and sacrifice: the sociology of disasters / Douglas J. Davies -- Contemporary social theory as it applies to the understanding of religion in cross-cultural perspective / Peter Beyer -- The return of theology: sociology's distant relative / Kieran Flanagan -- Epilogue: toward a secular view of the individual / Richard K. Fenn. |
| 533 ## - REPRODUCTION NOTE |
| Type of reproduction |
Electronic reproduction. |
| Place of reproduction |
Hoboken, N.J. : |
| Agency responsible for reproduction |
Wiley InterScience, |
| Date of reproduction |
2007. |
| Note about reproduction |
Mode of access: World Wide Web. |
| -- |
System requirements: Web browser. |
| -- |
Title from title screen (viewed on Dec. 20, 2007). |
| -- |
Access may be restricted to users at subscribing institutions. |
| 650 #0 - SUBJECT ADDED ENTRY--TOPICAL TERM |
| Topical term or geographic name entry element |
Religion and sociology. |
|
| Topical term or geographic name entry element |
Religion and sociology. |
| Source of heading or term |
fast |
| Authority record control number or standard number |
(OCoLC)fst01093858 |
| 655 #7 - INDEX TERM--GENRE/FORM |
| Genre/form data or focus term |
Electronic books. |
| Source of term |
local |
| 700 1# - ADDED ENTRY--PERSONAL NAME |
| Personal name |
Fenn, Richard K. |
| Relator term |
editor |
| 710 2# - ADDED ENTRY--CORPORATE NAME |
| Corporate name or jurisdiction name as entry element |
Wiley InterScience (Online service) |
| 776 1# - ADDITIONAL PHYSICAL FORM ENTRY |
| Qualifying information |
Original |
| International Standard Book Number |
0631212418 |
| -- |
9780631212416 |
| Record control number |
(DLC) 00060791 |
| -- |
(OCoLC)52075092 |
| 856 40 - ELECTRONIC LOCATION AND ACCESS |
| Materials specified |
Wiley Online Library |
| Public note |
Online access link to the resource |
| Uniform Resource Identifier |
<a href="https://doi.org/10.1002/9780470998571">https://doi.org/10.1002/9780470998571</a> |
| 942 ## - ADDED ENTRY ELEMENTS (KOHA) |
| Source of classification or shelving scheme |
Library of Congress Classification |
| Koha item type |
E-Book |